| 000 | 00745nam a22001577a 4500 | ||
|---|---|---|---|
| 003 | OSt | ||
| 005 | 20150929084004.0 | ||
| 008 | 150929b xxu||||| |||| 00| 0 eng d | ||
| 040 | _cRUA | ||
| 082 | _aAGR BUN 2010 B047 Or.1 | ||
| 100 |
_91537 _aBUN, MENGLA. |
||
| 245 | _aInfluence of seeding rate on growth and yield of phkarum doul rice variety at royal university of agriculture (ឥទ្ធិពលនៃបរិមាណគ្រាប់ពូជលើការលូតលាស់និងទន្និផលស្រូវផ្ការំដួលនៅសាកលវិទ្យាល័យភូមិន្ទកសិកម្ម) | ||
| 260 |
_aPhnom Penh _bRUA _c2010 |
||
| 300 |
_axii, 48p. _bill. _c29cm. |
||
| 942 |
_2ddc _cAGR |
||
| 999 |
_c1445 _d1445 |
||